000 00778nam a2200229 a 4500
001 74148
003 BD-RjUL
005 20211209082513.0
008 180308s1975 bg ||||| |||| 00| 1 ben d
035 _a(BD-RjUL)74366
040 _aBD-RjUL
_bben
_cBD-RjUL
_dBD-RjUL
041 _aben
082 _223
_a891.443
_bJAA 1975
100 1 _aজয়েনউদ্দিন, সরদার
_9220447
245 1 _aআদিগন্ত /
_cসরদার জয়েনউদ্দিন
250 _a২য় সং.
260 _aঢাকা :
_bমুক্তধারা,
_c১৯৭৫
300 _a[৪], ১৫৪ পৃ. ;
_c২০ সেমি.
650 _aবাংলা উপন্যাস
_9220448
650 _aBengali fiction.
_9220449
942 _2ddc
_cBK
999 _c74148
_d74148